| 000 | 01599nam a2200445Ii 4500 | ||
|---|---|---|---|
| 001 | DIGVERBUM1315 | ||
| 003 | NyNyDIG0 | ||
| 006 | m o d | ||
| 007 | cr ||||||||||| | ||
| 008 | 220407s2019 sp ob 000 0bspa d | ||
| 035 | _a(OCoLC)1319853003 | ||
| 040 |
_aDGITA _beng _erda _epn _cDGITA |
||
| 020 | _z9788490749739 | ||
| 043 | _ae-sp--- | ||
| 050 | 1 | 4 | _aPQ6672.A92 ebook |
| 082 | 0 | 4 | _a863.64 |
| 100 | 1 |
_aDíaz Arenas, Ángel, _eauthor. |
|
| 245 | 1 | 0 |
_aManuel Vázquez Montalbán : _brecuento de una vida y una obra (1939-2013: 15 años después) / _cÁngel Díaz Arenas. |
| 264 | 1 |
_aMadrid : _bEditorial Verbum, _c[2019] |
|
| 300 | _a1 online resource. | ||
| 336 |
_atext _2rdacontent |
||
| 337 |
_acomputer _bc _2rdamedia |
||
| 338 |
_aonline resource _bcr _2rdacarrier |
||
| 347 |
_atext file _2rdaft |
||
| 347 | _bPDF | ||
| 490 | 1 | _aColección Ensayo | |
| 504 | _aIncludes bibliographical references. | ||
| 588 | 0 | _aOnline resource; title from PDF title page (Digitalia, viewed April 7, 2022) | |
| 600 | 1 | 0 | _aVázquez Montalbán, Manuel. |
| 650 | 0 |
_aAuthors, Spanish _vBiography. |
|
| 655 | 7 |
_aBiographies. _2lcgft |
|
| 655 | 0 | _aElectronic books. | |
| 776 | 0 | 8 |
_iPrint version: _aMerino Lorente, Susana. _tDescubre tus fortalezas. _dMadrid : Editorial Verbum, [2019] _z9788490749739 |
| 791 | 2 |
_aDigitalia (Firm), _edistributor. |
|
| 793 | 0 |
_gDigitalia eBook Collection: _aVerbum |
|
| 830 | 0 | _aEnsayo (Editorial Verbum) | |
| 856 | 4 | 0 |
_3Digitalia Hispánica _uhttps://www.digitaliapublishing.com/a/66351/ |
| 910 | _aPremium Collection: 2022 | ||
| 942 | _cRAA | ||
| 999 |
_c261548 _d261548 |
||